| 000 | 00494nam a22002051a 4500 | ||
|---|---|---|---|
| 001 | 743 | ||
| 003 | OSt | ||
| 005 | 20260204211707.0 | ||
| 008 | 040114s1998||||sp ||||||b||||||||||spa|| | ||
| 020 | _a8471123231 | ||
| 050 | _a375.0088 K316c | ||
| 082 | _a375.0088 K316c | ||
| 100 | _aKemmis, Stephen | ||
| 245 | _aEl curriculum: más allá de la reproducción / Stephen Kemmis | ||
| 250 | _a3 | ||
| 264 | _aEspaña : Morota | ||
| 300 | _a175 p. | ||
| 650 | _a1.CurriculumÌ | ||
| 942 |
_2ddc _cBK |
||
| 999 |
_c743 _d743 |
||